000 00565nam a2200205 a 4500
005 20240113063649.0
008 991125s1999 es 000 0 spa u
020 _a8474326753
035 _aUPN01000053625
049 _aCG
050 4 _aP211
_bH3.78
100 1 _aHarris, Roy,
_d1931-
245 1 0 _aSignos de escritura /
_cpor Roy Harris ; tr. Patricia Willson.
260 _aBarcelona, Esp. :
_bGedisa,
_c1999.
300 _a253 p. :
_bil.
440 0 _aLeA ;
_v13
650 4 _aComunicación
_99285
650 4 _aESCRITURA -
_xHISTORIA
_920466
905 _aLibro
999 _c53625
_d53625